Les clubs victimes d'Erling Haaland en Ligue des Champions - Statistiques

Statistiques générales
  • Ce quiz a été pris 63 fois
    10 depuis la dernière actualisation
  • Le résultat moyen est 17 sur 21
Statistiques - réponses
Pays Club % Correct
Allemagne Bayern Munich 2
100%
Allemagne Borussia Dortmund 2
100%
Espagne Real Madrid 4
100%
France AS Monaco 2
83%
Turquie Besiktas 3
83%
Belgique Club Bruges 4
83%
Danemark FC Copenhague 3
83%
Espagne FC Séville 6
83%
Pays-Bas Feyenoord 2
83%
Turquie Galatasaray 1
83%
Angleterre Liverpool 1
83%
Italie Napoli 4
83%
France Paris Saint-Germain 3
83%
Allemagne RB Leipzig 6
83%
Suisse Young Boys 4
83%
Russie Zenith Saint-Pétersbourg 1
83%
Italie Lazio Rome 1
67%
Espagne Villarreal 1
67%
Belgique KRC Genk 4
50%
Slovaquie Slovan Bratislava 1
50%
Tchéquie Sparta Prague 2
50%
Aucun quiz correspondant
Distribution des résultats
% des personnes avec chaque résultat
Percentile par nombre de réponses
Votre historique - résultats
Vous n’avez pas pris ce quiz depuis la dernière actualisation